| 000 | 00765nam a2200265Ia 4500 | ||
|---|---|---|---|
| 003 | OSt | ||
| 005 | 20220927111540.0 | ||
| 006 | a|||||r|||| 00| 0 | ||
| 007 | ta | ||
| 008 | 220926b |||||||| |||| 00| 0 eng d | ||
| 024 | _a99745 | ||
| 037 | _cReports | ||
| 040 |
_aRTL _cRTL _beng |
||
| 041 |
_2eng _aeng |
||
| 082 | _a"X9(KZ).2sN82, N0.1/GD" | ||
| 110 | _a"India, Economics and Statistics (D/O)" | ||
| 245 | 0 | _aIndia livestock census | |
| 260 |
_aDelhi _bManager of Publication India _c1990 |
||
| 300 |
_a325p _ccm. |
||
| 500 | _aTables | ||
| 650 | _aAnimal Husbandry Industry | ||
| 700 | _a"India, Economics and Statistics (D/O)" | ||
| 942 |
_h"X9(KZ).2sN82, N0.1/GD" _cCC |
||
| 999 |
_c699243 _d699243 |
||